ბათუმის შოთა რუსთაველის სახელმწიფო უნივერსიტეტის ბიბლიოთეკა

Монументальная скульптура населения западной части евразийских степей эпохи раннего железа / (ბიბ.ჩანაწერი № 60812)

000 -LEADER
fixed length control field 00890nam a22001697a 4500
005 - DATE AND TIME OF LATEST TRANSACTION
control field 20231024163013.0
008 - FIXED-LENGTH DATA ELEMENTS--GENERAL INFORMATION
fixed length control field 231024s2005 ru ||||| |||| 00| 0 rus d
020 ## - INTERNATIONAL STANDARD BOOK NUMBER
International Standard Book Number 5020102717
041 ## - LANGUAGE CODE
Language code of text/sound track or separate title rus
080 ## - UNIVERSAL DECIMAL CLASSIFICATION NUMBER
Universal Decimal Classification number 902/904+73(47) О-56
100 ## - MAIN ENTRY--PERSONAL NAME
Personal name Ольховский, В. С.
9 (RLIN) 20223
245 ## - TITLE STATEMENT
Title Монументальная скульптура населения западной части евразийских степей эпохи раннего железа /
Statement of responsibility, etc. В. С. Ольховский.
264 ## - PRODUCTION, PUBLICATION, DISTRIBUTION, MANUFACTURE, AND COPYRIGHT NOTICE
Place of production, publication, distribution, manufacture Москва :
Name of producer, publisher, distributor, manufacturer Наука,
Date of production, publication, distribution, manufacture, or copyright notice 2005.
300 ## - PHYSICAL DESCRIPTION
Extent 299 стр.:
Other physical details илл. ;
Dimensions 27 см.
653 ## - INDEX TERM--UNCONTROLLED
keyword ადრეული რკინის ხანის ევრაზიული სტეპების დასავლეთ ნაწილის მოსახლეობის მონუმენტური ქანდაკება
942 ## - ADDED ENTRY ELEMENTS (KOHA)
Source of classification or shelving scheme
Koha item type წიგნი
ეგზემპლარები
Withdrawn status Lost status Source of classification or shelving scheme Damaged status Not for loan Permanent Location Current Location Shelving location Date acquired Cost, normal purchase price Full call number Barcode Date last seen Copy number Uniform Resource Identifier Price effective from Koha item type Public note
          ბათუმის შოთა რუსთაველის სახელმწიფო უნივერსიტეტის მთავარი ბიბლიოთეკა ბათუმის შოთა რუსთაველის სახელმწიფო უნივერსიტეტის მთავარი ბიბლიოთეკა წიგნსაცავი 2023-10-24 15.00 902/904+73(47) О-56 65397 2023-10-24 65397 ბსუ-ს საპატიო დოქტორის გურამ ლორთქიფანიძის საჩუქარი 2023-10-24 წიგნი 15 ლ.